Corporation Tax reform (Record no. 70978)
[ view plain ]
| 000 -LEADER | |
|---|---|
| fixed length control field | 00821cam a2200169 4500 |
| 001 - CONTROL NUMBER | |
| control field | WB3831-42 |
| 008 - FIXED-LENGTH DATA ELEMENTS--GENERAL INFORMATION | |
| fixed length control field | 020821n2002 000 0 eng u |
| 035 ## - SYSTEM CONTROL NUMBER | |
| System control number | (Sirsi) u119398 |
| 245 ## - TITLE STATEMENT | |
| Title | Corporation Tax reform |
| 260 ## - PUBLICATION, DISTRIBUTION, ETC. | |
| Date of publication, distribution, etc. | 2002 |
| 490 ## - SERIES STATEMENT | |
| Series statement | Inland Revenue Press Release |
| Volume/sequential designation | 5 August 2002, (2) |
| 520 ## - SUMMARY, ETC. | |
| Summary, etc. | Government has launched consultation on Corporation Tax reform. It seeks views of business and other interested parties on three potential areas of reform, including their implications and methods of implementation. www.nds.coi.gov.uk/coi/coipress.nsf/b1a2a38b9054fb1c80256bf40033dbc2/badf851ad096392b80256c0c00562fb3?OpenDocument Consultative document available at www.inlandrevenue.gov.uk/consult_new/corporation_tax.htm |
| 590 ## - LOCAL NOTE (RLIN) | |
| Local note | WB |
| 650 ## - SUBJECT ADDED ENTRY--TOPICAL TERM | |
| Topical term or geographic name entry element | CORPORATION TAX |
| 690 ## - LOCAL SUBJECT ADDED ENTRY--TOPICAL TERM (OCLC, RLIN) | |
| Topical term or geographic name as entry element | TAXATION |
| 942 ## - ADDED ENTRY ELEMENTS (KOHA) | |
| Suppress in OPAC | 0 |
| Withdrawn status | Lost status | Source of classification or shelving scheme | Damaged status | Not for loan | Home library | Current library | Shelving location | Date acquired | Total Checkouts | Full call number | Barcode | Date last seen | Copy number | Price effective from | Koha item type |
|---|---|---|---|---|---|---|---|---|---|---|---|---|---|---|---|
| Dewey Decimal Classification | London | London | News article | 21/08/2002 | WB3831-42 | 119398-1001 | 06/08/2019 | 1 | 06/08/2019 | News article |